| 000 | 00500nam a22001817a 4500 | ||
|---|---|---|---|
| 003 | 0 | ||
| 005 | 20260205112130.0 | ||
| 008 | 260205b xxu||||| |||| 00| 0 eng d | ||
| 020 | _a978-981-07-8786-8 | ||
| 050 |
_aFIC _bR959 2014 |
||
| 082 |
_aFIC _bR959 2014 |
||
| 100 | _aRussell, Ching Yeung | ||
| 245 |
_aBungee cord hair / _cChing Yeung Russell. |
||
| 260 |
_aNew York, NY : _bScholastic Singapore, _c2014. |
||
| 300 |
_a174 pages ; _c19 cm. |
||
| 650 | _aChildren's stories. | ||
| 942 |
_2ddc _cBK |
||
| 999 |
_c368801 _d368801 |
||